| 000 -LEADER |
| fixed length control field |
00728nam a22002057a 4500 |
| 001 - CONTROL NUMBER |
| control field |
18006 |
| 003 - CONTROL NUMBER IDENTIFIER |
| control field |
BD-DhUAP |
| 005 - DATE AND TIME OF LATEST TRANSACTION |
| control field |
20201115104853.0 |
| 008 - FIXED-LENGTH DATA ELEMENTS--GENERAL INFORMATION |
| fixed length control field |
201115s2012 bg ||||| |||| 00| 0 ben d |
| 020 ## - INTERNATIONAL STANDARD BOOK NUMBER |
| International Standard Book Number |
9789381640050 |
| 040 ## - CATALOGING SOURCE |
| Original cataloging agency |
BD-DhUAP |
| Language of cataloging |
Ben |
| Transcribing agency |
BD-DhUAP |
| Modifying agency |
BD-DhUAP |
| 082 ## - DEWEY DECIMAL CLASSIFICATION NUMBER |
| Edition number |
23 |
| Classification number |
726.1 SAN |
| 100 ## - MAIN ENTRY--PERSONAL NAME |
| Personal name |
সান্যাল, হিতেশরঞ্জন। |
| 245 ## - TITLE STATEMENT |
| Title |
বাংলার মন্দির / |
| Statement of responsibility, etc. |
হিতেশরঞ্জন সান্যাল। |
| 250 ## - EDITION STATEMENT |
| Edition statement |
১ম সং.। |
| 260 ## - PUBLICATION, DISTRIBUTION, ETC. |
| Place of publication, distribution, etc. |
ঢাকা : |
| Name of publisher, distributor, etc. |
কারিগর : |
| Date of publication, distribution, etc. |
c২০১২। |
| 300 ## - PHYSICAL DESCRIPTION |
| Extent |
২২৭ পৃষ্ঠা : |
| Other physical details |
চিত্র ; |
| Dimensions |
২২ সেমি. |
| 650 ## - SUBJECT ADDED ENTRY--TOPICAL TERM |
| Topical term or geographic name entry element |
Temples |
| Form subdivision |
Architecture. |
| 942 ## - ADDED ENTRY ELEMENTS (KOHA) |
| Source of classification or shelving scheme |
|
| Koha item type |
Book |